Histoire de la Jacquerie d'après des documents inédits / (Record no. 158199)

MARC details
000 -LEADER
campo de control de longitud fija 00657nam a2200169 i 4500
001 - NÚMERO DE CONTROL
campo de control 158199
003 - IDENTIFICADOR DE NÚMERO DE CONTROL
campo de control ES-MaACL
005 - FECHA Y HORA DE LA ÚLTIMA TRANSACCIÓN
campo de control 20230906211043.0
008 - DATOS DE LONGITUD FIJA--INFORMACIÓN GENERAL
campo de control de longitud fija 040824s1894 fr |||| | fre d
040 ## - FUENTE DE CATALOGACIÓN
Centro catalogador/agencia de origen CAM
Lengua de catalogación spa
Centro/agencia transcriptor CAM
100 1# - ENTRADA PRINCIPAL--NOMBRE DE PERSONA
Nombre de persona Luce, Siméon.
9 (RLIN) 129123
245 10 - MENCIÓN DEL TÍTULO
Título Histoire de la Jacquerie d'après des documents inédits /
Mención de responsabilidad, etc. par Siméon Luce.
250 ## - MENCION DE EDICION
Mención de edición Nouvelle éd. considérablement augmentée et précédée d'une bibliographie des travaux de l'auteur.
260 ## - PUBLICACIÓN, DISTRIBUCIÓN, ETC.
Lugar de publicación, distribución, etc. Paris :
Nombre del editor, distribuidor, etc. Honoré Champion libraire,
Fecha de publicación, distribución, etc. 1894 (
Lugar de fabricación/manufactura Besançon :
Fabricante Imp. et stér. de Paul Jacquin)
300 ## - DESCRIPCIÓN FÍSICA
Extensión XXIV, 368 p. ;
Dimensiones 23 cm.
852 ## - LOCALIZACIÓN
Ubicación ES-MaACL
Número de control de estantería F-9931
Nota libre -- Rust.
Holdings
Estatus retirado Estado de pérdida Estado de daño No para préstamo Colección Biblioteca de origen Biblioteca actual Ubicación en estantería Fecha de adquisición Fuente de adquisición Total de préstamos Signatura topográfica completa Código de barras Visto por última vez Precio de reemplazo Tipo de ítem Koha
        Libros del s. XIX Biblioteca del Ateneo de Madrid Biblioteca del Ateneo de Madrid Sala Pecera Planta 2 17/01/2008     F-9931 1165572 23/02/2023 23/02/2023 Libro impreso antiguo